000 00615nam a2200181Ia 4500
008 151018s9999 xx 000 0 und d
082 _bRBASDV34071
_a891.463
100 _aअर्जुन डांगळे
245 _aहि बांधावरची माणसं
250 _b1
260 _bमागोवा
_c1979
300 _a102
600 _aअर्जुन डांगळे
630 _aहि बांधावरची माणसं
700 _aअर्जुन डांगळे
730 _aहि बांधावरची माणसं
942 _cBOOK
999 _c1033563
_d1033560